logo

Bir Sreshtho Munshi Abdur Rouf Library
Jhenaidah Cadet College

শস্যের রোগ / (Record no. 4302)

MARC details
000 -LEADER
fixed length control field 00723nam a22002297a 4500
001 - CONTROL NUMBER
JCCL Control Number 4302
003 - CONTROL NUMBER IDENTIFIER
JCCL marc code BD-JhCC
005 - DATE AND TIME OF LATEST TRANSACTION
control field 20171125211257.0
008 - FIXED-LENGTH DATA ELEMENTS--GENERAL INFORMATION
fixed length control field 171125r19762004bg ao||| |||| 000 0 ben d
020 ## - INTERNATIONAL STANDARD BOOK NUMBER
International Standard Book Number 9840744372
035 ## - SYSTEM CONTROL NUMBER
system control number (BD-JhCC)4302
040 ## - CATALOGING SOURCE
Original cataloging agency BD-JhCC
Modifying agency BD-JhCC
041 ## - LANGUAGE CODE
Language code of Book ben
082 ## - DEWEY DECIMAL CLASSIFICATION NUMBER
Classification number 632
Author mark and Year ASH 2004
100 ## - MAIN ENTRY--PERSONAL NAME
Personal name আশরাফুজ্জামান, হাসান
245 ## - TITLE STATEMENT
Title শস্যের রোগ /
Statement of responsibility, etc হাসান আশরাফুজ্জামান
260 ## - PUBLICATION, DISTRIBUTION, ETC. (IMPRINT)
Place of publication, distribution, etc ঢাকা :
Name of publisher, distributor, etc বাংলা একাডেমী ,
Date of publication, distribution, etc ২০০৪ .
300 ## - PHYSICAL DESCRIPTION
Pagination ৩৯১ পৃ. :
Other physical details ill. ;
Dimensions ২২ সেমি.
650 ## - SUBJECT ADDED ENTRY--TOPICAL TERM
Topical term or geographic name as entry element Plant Diseases
942 ## - ADDED ENTRY ELEMENTS (KOHA)
Source of classification or shelving scheme Dewey Decimal Classification
Koha item type Books
Holdings
Source of classification or shelving scheme Damaged status Not for loan Home library Current library Shelving location Date of accession Cost, normal purchase price Total Checkouts Full call number Barcode Date last seen Copy number Koha item type
Dewey Decimal Classification     JCC Rouf Library JCC Rouf Library General Stacks 11/25/2017 170.00   632 ASH 2004 6168 11/25/2017 C- 1 Books

JCC Library | Contacts | JCC Home

Last Update on 23 September 2017
Copyright @ 2017-2020 JCC Rouf Library
Rouf Library, Jhenidah Cadet College (JCC), Bangladesh